000 00536cam a22002171 4500
001 he 65001095
003 DLC
005 20260227111432.0
008 831006s1965 is 000 0 heb
010 _ahe 65001095
035 _a(OCoLC)19149627
040 _aDLC
_cMH
_dDLC
042 _apremarc
050 0 0 _aPZ90.H3
_bH43
100 1 _aHerman, Zvi,
_d1916-
245 1 0 _aSambo ṿa-ani.
260 _a[Tel Aviv] :
_bMasadah,
_c[1965]
300 _a72 p. :
_bill. ;
_c27 cm.
500 _aVocalized.
752 _aIsrael
_dTel Aviv
999 _c31255
_d31255